|
|
|
|
| LEADER |
00000nab a2200000 4500 |
| 001 |
0000000023 |
| 003 |
AR-BaUAD |
| 005 |
20250710120928.0 |
| 008 |
250530b |||||||| |||| 00| 0 eng d |
| 040 |
|
|
|a AR-BaUAD
|c AR-BaUAD
|
| 100 |
|
|
|a Rojas, Andrea del Pilar
|
| 245 |
|
|
|a USME,
|b nido de imaginarios sociales
|
| 300 |
|
|
|b fot.
|
| 650 |
|
|
|a ARQUITECTURA
|
| 650 |
|
|
|a TEORIA
|
| 650 |
|
|
|a ANTROPOLOGIA URBANA
|
| 650 |
|
|
|a CULTURA
|
| 650 |
|
|
|a SOCIOLOGIA URBANA
|
| 651 |
|
|
|a USME
|
| 651 |
|
|
|a COLOMBIA
|
| 653 |
|
|
|a IMAGINARIOS SOCIALES
|
| 773 |
|
|
|g no. 8 (2006), p. 18-21
|w arbauadP000062
|z 1657-0308 (impresa)
|t Revista de arquitectura (Colombia)
|
| 856 |
|
|
|u https://revistadearquitectura.ucatolica.edu.co/article/view/804
|
| 942 |
|
|
|2 udc
|n 0
|c ARTI
|
| 990 |
|
|
|a AQ200
|b TD
|
| 999 |
|
|
|c 24085
|d 24085
|